书目信息 |
| 题名: |
柑桔优质高产技术问答
|
|
| 作者: | 向德明 , 李先信 , 舒广平 编 | |
| 分册: | ||
| 出版信息: | 北京 化学工业出版社 1997.12 |
|
| 页数: | 182页 | |
| 开本: | 32开 | |
| 丛书名: | ||
| 单 册: | ||
| 中图分类: | S666-44 | |
| 科图分类: | ||
| 主题词: | 果树园艺 | |
| 电子资源: | ||
| ISBN: | 7-5025-2052-X | |
| 000 | 00656nam0 2200217 45 | |
| 001 | 0011160767 | |
| 005 | 20001116070219.5 | |
| 010 | @a7-5025-2052-X@d8.90元 | |
| 100 | @a20001116d1997 km y0chiy0120 ea | |
| 101 | 0 | @achi |
| 105 | @a z 000yy | |
| 200 | 1 | @a柑桔优质高产技术问答@AGan Ju You Zhi Gao Chan Ji Shu Wen Da@f向德明,李先信,舒广平编@FXiang De Ming,Li Xian Xin,Shu Guang Ping Bian |
| 210 | @a北京@c化学工业出版社@d1997.12 | |
| 215 | @a182页@d32开 | |
| 606 | 0 | @a果树园艺 |
| 690 | @aS666-44@v3 | |
| 701 | 0 | @a向德明@4编 |
| 701 | 0 | @a李先信@4编 |
| 701 | 0 | @a舒广平@4编 |
| 801 | @aCN@bPftUser@c20001116 | |
| 905 | @b410277-279@dS666-44@eX524@f3 | |
| 柑桔优质高产技术问答/向德明,李先信,舒广平编.-北京:化学工业出版社,1997.12 |
| 182页;32开 |
| ISBN 7-5025-2052-X:8.90元 |
| ● |
| 相关链接 |
|
|
|
正题名:柑桔优质高产技术问答
索取号:S666-44/X524
 
预约/预借
| 序号 | 登录号 | 条形码 | 馆藏地/架位号 | 状态 | 备注 |
| 1 | 410277 | 204102773 | 自科二线504/504自科库 26排1列4层/ [索取号:S666-44/X524] | 在馆 | |
| 2 | 410278 | 204102782 | 自科二线504/504自科库 26排1列4层/ [索取号:S666-44/X524] | 在馆 | |
| 3 | 410279 | 204102791 | 自科二线504/504自科库 26排1列4层/ [索取号:S666-44/X524] | 在馆 |